[Event "Memorial Braci Bieluczykow gr. B"]
[Site "Bialystok"]
[Date "2011.??.??"]
[Round "5.1"]
[White "Kostyra, Stanislaw"]
[Black "Puksza, Andrzej"]
[Result "1/2-1/2"]
[WhiteElo "2323"]
[BlackElo "1997"]
[PlyCount "72"]
[EventDate "2011.??.??"]

1. e4 e6 2. d4 d5 3. Nc3 dxe4 4. Nxe4 Nf6 5. Nxf6+ Qxf6 6. Nf3 h6 7. Bd3 Nd7 8.
Qe2 Bd6 9. Bd2 b6 10. Be4 Rb8 11. Bc6 O-O 12. O-O Qe7 13. Ne5 Bxe5 14. dxe5 Qc5
15. Bxd7 Bxd7 16. c4 Bc6 17. b4 Qd4 18. b5 Bb7 19. Rfd1 Qe4 20. Qxe4 Bxe4 21.
Bb4 Rfd8 22. Be7 Rxd1+ 23. Rxd1 c5 24. f3 Bg6 25. Kf2 Rb7 26. Bh4 Bc2 27. Rd8+
Kh7 28. Ke3 g5 29. Bf2 a6 30. Rd2 Ba4 31. bxa6 Ra7 32. Rd6 Rxa6 33. Kd3 Bd1 34.
Bxc5 Rxa2 35. Bxb6 Rxg2 36. c5 Bxf3 1/2-1/2

[Event "Memorial Braci Bieluczykow gr. B"]
[Site "Bialystok"]
[Date "2011.??.??"]
[Round "5.3"]
[White "Trofimiuk, Tomasz"]
[Black "Filimoniuk, Marcin"]
[Result "1-0"]
[WhiteElo "1490"]
[BlackElo "1768"]
[PlyCount "39"]
[EventDate "2011.??.??"]

1. e4 e6 2. d4 d5 3. Nc3 dxe4 4. Nxe4 Nd7 5. Bd3 Ngf6 6. Nf3 Be7 7. Qe2 b6 8.
Bd2 Bb7 9. O-O-O O-O 10. Ne5 Nxe5 11. Nxf6+ Bxf6 12. dxe5 Bg5 13. Bxh7+ Kxh7
14. Qh5+ Kg8 15. Bxg5 Qe8 16. Bf6 Be4 17. Qg5 Bg6 18. Rd4 Qc6 19. c3 gxf6 20.
exf6 1-0

[Event "Memorial Braci Bieluczykow gr. B"]
[Site "Bialystok"]
[Date "2011.??.??"]
[Round "5.6"]
[White "Gierda, Piotr"]
[Black "Daciuk, Jaroslaw"]
[Result "1/2-1/2"]
[WhiteElo "1504"]
[BlackElo "1594"]
[PlyCount "137"]
[EventDate "2011.??.??"]

1. e4 c5 2. Nf3 e6 3. d4 cxd4 4. Nxd4 Nc6 5. Nc3 Qc7 6. Be3 a6 7. g3 b5 8. Bg2
Bb7 9. O-O Nf6 10. a3 b4 11. axb4 Bxb4 12. f3 Bxc3 13. bxc3 d5 14. exd5 Nxd5
15. Bd2 O-O 16. Nxc6 Qxc6 17. Qe1 Rfc8 18. Rb1 Qc5+ 19. Kh1 Bc6 20. Qf2 Bb5 21.
Qxc5 Rxc5 22. Rfd1 Nxc3 23. Bxc3 Rxc3 24. f4 Bc6 25. Rb2 Bxg2+ 26. Kxg2 a5 27.
Ra2 g6 28. Rda1 Rc5 29. c4 Rxc4 30. Rxa5 Rxa5 31. Rxa5 Rc3 32. g4 h6 33. h4 Rd3
34. Rb5 Rd5 35. Rb6 g5 36. fxg5 hxg5 37. h5 Kg7 38. Kf3 Rd4 39. Rb5 Rf4+ 40.
Kg3 Kh6 41. Rb6 Re4 42. Kf3 Re5 43. Ra6 Rb5 44. Rc6 Kg7 45. Rc7 Rb6 46. Ke4 Kf6
47. Ra7 Rb1 48. Kf3 Rf1+ 49. Kg2 Rf4 50. Kg3 Kg7 51. Ra5 f5 52. gxf5 exf5 53.
Ra6 Rg4+ 54. Kf3 Rf4+ 55. Kg3 Rg4+ 56. Kf3 Rg1 57. Kf2 Rg4 58. Kf3 Rf4+ 59. Kg3
Kh7 60. Rg6 Rg4+ 61. Kf3 Rg1 62. Kf2 Rg4 63. Kf3 Rf4+ 64. Kg3 Rf1 65. Kg2 Rf4
66. Kg3 Rg4+ 67. Kf3 Rf4+ 68. Kg3 Rg4+ 69. Kf3 1/2-1/2

[Event "Memorial Braci Bieluczykow gr. B"]
[Site "Bialystok"]
[Date "2011.??.??"]
[Round "5.7"]
[White "Burakowska, Gabriela"]
[Black "Zoch, Tomasz"]
[Result "1-0"]
[WhiteElo "1585"]
[BlackElo "1883"]
[PlyCount "141"]
[EventDate "2011.??.??"]

1. d4 Nf6 2. Nf3 g6 3. Bf4 Bg7 4. e3 d6 5. Bd3 c5 6. c3 Qb6 7. Qc2 Nh5 8. Bg3
Nc6 9. O-O Bg4 10. Nbd2 Rc8 11. Nc4 Qd8 12. d5 Nxg3 13. hxg3 Nb8 14. a4 Nd7 15.
a5 Bxf3 16. gxf3 h5 17. Kg2 Nf6 18. e4 Nd7 19. Rh1 Ne5 20. Nxe5 dxe5 21. Bb5+
Kf8 22. a6 b6 23. Bc6 Qd6 24. c4 Bh6 25. Rh3 Bg5 26. Rah1 Kg7 27. Qc3 Qf6 28.
f4 exf4 29. e5 Qf5 30. gxf4 Bxf4 31. Bd7 Qe4+ 32. Qf3 Qxf3+ 33. Rxf3 Rcd8 34.
Rxf4 Rxd7 35. Rh3 g5 36. Rf5 Kg6 37. Rhf3 Rh7 38. Kg3 Rd8 39. b3 Rg7 40. Kg2 h4
41. Kh3 Rf8 42. Kg4 Kh6 43. d6 e6 44. Rf6+ Kh7 45. Rxe6 Rb8 46. Re7 b5 47. Rb7
Re8 48. Rfxf7 Rxf7 49. Rxf7+ Kg6 50. Rf5 bxc4 51. Rxg5+ Kf7 52. bxc4 Rh8 53.
Kh3 Ke6 54. f4 Rb8 55. Kxh4 Rb4 56. Rg6+ Kd7 57. Rg7+ Ke6 58. Re7+ Kf5 59. d7
Rxc4 60. d8=Q Rxf4+ 61. Kh3 Rf3+ 62. Kg2 Ra3 63. Qf8+ Ke4 64. Rxa7 Ra2+ 65. Kg3
Kxe5 66. Qxc5+ Ke4 67. Re7+ Kd3 68. Qd5+ Kc3 69. Rc7+ Kb2 70. Qb5+ Ka3 71. Rc3#
1-0

[Event "Memorial Braci Bieluczykow gr. B"]
[Site "Bialystok"]
[Date "2011.??.??"]
[Round "5.8"]
[White "Kozaczynska, Aleksandra"]
[Black "Grabarczyk, Edmund"]
[Result "1-0"]
[WhiteElo "1484"]
[BlackElo "1571"]
[PlyCount "81"]
[EventDate "2011.??.??"]

1. e4 e5 2. Nf3 d6 3. Bc4 h6 4. c3 Bg4 5. h3 Bh5 6. d4 exd4 7. cxd4 Nf6 8. Nc3
c6 9. a3 Nbd7 10. O-O Be7 11. Re1 O-O 12. Be2 a5 13. Be3 b5 14. Nd2 Bxe2 15.
Nxe2 Rb8 16. Qc2 Rb6 17. Rec1 Qa8 18. Ng3 Rc8 19. Nf5 Bf8 20. b4 a4 21. e5 Nd5
22. exd6 Nxe3 23. fxe3 Nf6 24. e4 Qb8 25. e5 Nd5 26. Qe4 g6 27. Ne3 Nxe3 28.
Qxe3 Qb7 29. Ne4 Bg7 30. Nc5 Qa7 31. Rf1 Rd8 32. Rf3 Rbb8 33. Raf1 Rf8 34. e6
f5 35. e7 Rfe8 36. d7 Rxe7 37. Qxe7 Bxd4+ 38. Kh1 Bxc5 39. bxc5 Qc7 40. Rd1 Rd8
41. Re3 1-0

[Event "Memorial Braci Bieluczykow gr. B"]
[Site "Bialystok"]
[Date "2011.??.??"]
[Round "6.1"]
[White "Filewicz, Przemyslaw"]
[Black "Kostyra, Stanislaw"]
[Result "0-1"]
[WhiteElo "1453"]
[BlackElo "2323"]
[PlyCount "64"]
[EventDate "2011.??.??"]

1. e4 c5 2. Nf3 e6 3. d4 cxd4 4. Nxd4 a6 5. Bd3 b5 6. Nc3 Bb7 7. O-O Qb6 8. Nb3
d6 9. Be3 Qc7 10. Qe1 Nf6 11. f3 Nbd7 12. Qg3 g6 13. Kh1 Bg7 14. Rad1 b4 15.
Ne2 O-O 16. Qh3 d5 17. exd5 Nxd5 18. Bh6 Ne5 19. Bxg7 Kxg7 20. Rfe1 Ne3 21. Rc1
Nxg2 22. Kxg2 Nxf3 23. Kf2 Qb6+ 24. Kf1 e5 25. Qg3 e4 26. Bc4 Rac8 27. Bxa6
Bxa6 28. Red1 Rfd8 29. Rxd8 Rxd8 30. h3 Qe3 31. Qf2 Bxe2+ 32. Qxe2 Qg1# 0-1

[Event "Memorial Braci Bieluczykow gr. B"]
[Site "Bialystok"]
[Date "2011.??.??"]
[Round "6.2"]
[White "Puksza, Andrzej"]
[Black "Trofimiuk, Tomasz"]
[Result "1-0"]
[WhiteElo "1997"]
[BlackElo "1490"]
[PlyCount "87"]
[EventDate "2011.??.??"]

1. e4 c5 2. c3 d5 3. exd5 Qxd5 4. d4 Nf6 5. Nf3 Bg4 6. Be2 e6 7. O-O Nc6 8. Be3
cxd4 9. cxd4 Be7 10. Nc3 Qd6 11. a3 O-O 12. Qb3 Bxf3 13. Bxf3 Nxd4 14. Bxd4
Qxd4 15. Qxb7 Bc5 16. Rad1 Rab8 17. Qc7 Qc4 18. Qe5 Rfc8 19. Be2 Qb3 20. Rd2
Bxa3 21. Bd1 Qb4 22. bxa3 Qxc3 23. Rd8+ Rxd8 24. Qxc3 Ne4 25. Qe3 Nd2 26. Re1
a6 27. g3 g6 28. Be2 Rb3 29. Qc5 Kg7 30. Kg2 Rd5 31. Qc2 Rb6 32. Qc7 Rbd6 33.
Bf3 Rd3 34. Re3 R3d4 35. Qc3 Kg8 36. Qc8+ Kg7 37. Rc3 a5 38. Qc5 a4 39. Qe5+
Kh6 40. g4 f6 41. Qxf6 Nxf3 42. Kxf3 e5 43. Qf8+ Kg5 44. h4+ 1-0

[Event "Memorial Braci Bieluczykow gr. B"]
[Site "Bialystok"]
[Date "2011.??.??"]
[Round "6.5"]
[White "Daciuk, Jaroslaw"]
[Black "Burakowska, Gabriela"]
[Result "1-0"]
[WhiteElo "1594"]
[BlackElo "1585"]
[PlyCount "107"]
[EventDate "2011.??.??"]

1. c4 c5 2. Nc3 e6 3. Nf3 a6 4. d4 cxd4 5. Nxd4 Nc6 6. g3 Nf6 7. Bg2 Be7 8. O-O
O-O 9. b3 Qc7 10. Bb2 d6 11. e4 Bd7 12. Nc2 Ne5 13. h3 Bc6 14. Nd4 Ned7 15.
Nxc6 bxc6 16. Ne2 Nc5 17. Qc2 a5 18. Nd4 e5 19. Nf5 g6 20. Nxe7+ Qxe7 21. Rfe1
Rfe8 22. Rad1 Rad8 23. Qc3 a4 24. b4 Ncd7 25. Re2 Nf8 26. f4 Qc7 27. Red2 Ne6
28. fxe5 dxe5 29. Qxe5 Qxe5 30. Bxe5 Nh5 31. Rxd8 Rxd8 32. Rxd8+ Nxd8 33. Kf2
f6 34. Bc3 Kf7 35. e5 f5 36. Bd4 Ng7 37. Ke3 Nge6 38. Bb6 Ke7 39. a3 Kd7 40.
Bxd8 Nxd8 41. Bf3 Ne6 42. h4 Kc7 43. Bd1 Kb6 44. Bxa4 c5 45. Bd7 Ng7 46. e6 Kc7
47. bxc5 Nh5 48. Kf3 Nf6 49. c6 Kd8 50. a4 Ne4 51. Kf4 h6 52. a5 Nc5 53. Ke5
Na6 54. Kf6 1-0

[Event "Memorial Braci Bieluczykow gr. B"]
[Site "Bialystok"]
[Date "2011.??.??"]
[Round "6.6"]
[White "Kozaczynska, Aleksandra"]
[Black "Gierda, Piotr"]
[Result "1/2-1/2"]
[WhiteElo "1484"]
[BlackElo "1504"]
[PlyCount "122"]
[EventDate "2011.??.??"]

1. e4 e5 2. Nf3 Nc6 3. Bc4 Bc5 4. c3 Nf6 5. d3 d6 6. Bb3 Be6 7. Bc2 d5 8. exd5
Nxd5 9. O-O Bg4 10. h3 Bh5 11. Re1 O-O 12. Nbd2 Kh8 13. g4 Nf4 14. Kh2 Bxg4 15.
hxg4 f5 16. gxf5 Rxf5 17. Ne4 Rh5+ 18. Kg1 Qd7 19. Bxf4 exf4 20. Kf1 Bd6 21.
Nxd6 Qxd6 22. Ke2 Ne5 23. Nxe5 Rxe5+ 24. Kd2 Rxe1 25. Qxe1 Qc6 26. Qe5 f3 27.
Rg1 Qh6+ 28. Qg5 Qxg5+ 29. Rxg5 Re8 30. Bd1 Rf8 31. Rg3 h5 32. Rxf3 Rc8 33. Rh3
g6 34. f4 Rf8 35. Ke3 Re8+ 36. Kd4 Re1 37. Bf3 c6 38. Be4 Kg7 39. f5 gxf5 40.
Bxf5 Re2 41. Rxh5 Rxb2 42. Be6 Re2 43. Re5 Rf2 44. Rf5 Rb2 45. Rf7+ Kg6 46. Bb3
Rxb3 47. axb3 Kxf7 48. Ke5 Ke7 49. c4 b6 50. d4 a5 51. d5 Kd7 52. dxc6+ Kxc6
53. Kd4 Kd6 54. Kc3 Kc5 55. Kb2 Kd4 56. Kc2 Kc5 57. Kc3 b5 58. cxb5 Kxb5 59.
Kc2 Kb4 60. Kb2 a4 61. bxa4 Kxa4 1/2-1/2

[Event "Memorial Braci Bieluczykow gr. B"]
[Site "Bialystok"]
[Date "2011.??.??"]
[Round "6.10"]
[White "Grabarczyk, Edmund"]
[Black "Kaminski, Maciej"]
[Result "1/2-1/2"]
[WhiteElo "1571"]
[BlackElo "1278"]
[PlyCount "90"]
[EventDate "2011.??.??"]

1. e4 c5 2. Nf3 Nc6 3. d4 cxd4 4. Bc4 Nf6 5. e5 Nxe5 6. Qxd4 Nxc4 7. Qxc4 Qa5+
8. Nc3 d5 9. Qb5+ Qxb5 10. Nxb5 Kd8 11. Ne5 Be6 12. Nd4 Ke8 13. O-O g6 14. Nxe6
fxe6 15. Re1 Bg7 16. Nf3 Ne4 17. c4 Rc8 18. cxd5 exd5 19. Ng5 Nxg5 20. Bxg5 Rc7
21. Rad1 Rd7 22. Rc1 Bxb2 23. Rc2 Bg7 24. Rce2 e5 25. Be3 d4 26. Bf4 Re7 27.
Bxe5 d3 28. Bxg7 Rxe2 29. Kf1 Rxe1+ 30. Kxe1 Rg8 31. Bd4 Kf7 32. Kd2 Rd8 33.
Kxd3 Ke6 34. g4 h5 35. h3 hxg4 36. hxg4 Rd5 37. a3 b5 38. Kc3 Rxd4 39. Kxd4 a5
40. f4 b4 41. axb4 axb4 42. Kc4 b3 43. Kxb3 Kd5 44. f5 gxf5 45. gxf5 Ke5
1/2-1/2

[Event "Memorial Braci Bieluczykow gr. B"]
[Site "Bialystok"]
[Date "2011.??.??"]
[Round "7.1"]
[White "Bernacki, Gabriel"]
[Black "Kostyra, Stanislaw"]
[Result "0-1"]
[WhiteElo "1947"]
[BlackElo "2323"]
[PlyCount "74"]
[EventDate "2011.??.??"]

1. d4 c5 2. d5 Nf6 3. c4 b5 4. cxb5 a6 5. bxa6 Bxa6 6. Nc3 d6 7. e4 Bxf1 8.
Kxf1 g6 9. Nf3 Nbd7 10. g3 Bg7 11. Kg2 O-O 12. Re1 Qb6 13. Re2 Ng4 14. Qc2 Qa6
15. a4 Rab8 16. Ra2 Rb4 17. Bf4 Rfb8 18. h3 Nge5 19. Nxe5 Nxe5 20. b3 Rxb3 21.
Nb5 Rb4 22. Bxe5 Bxe5 23. f4 Bg7 24. e5 Qa8 25. Qd1 dxe5 26. fxe5 Rd8 27. Kh2
Rxd5 28. Nc7 Rxd1 29. Nxa8 Rd8 30. Nc7 Rb7 31. Na6 Rc8 32. Rec2 c4 33. a5 Bxe5
34. Ra4 c3 35. Nb4 Rc4 36. a6 Rbxb4 37. Ra5 Bd4 0-1

[Event "Memorial Braci Bieluczykow gr. B"]
[Site "Bialystok"]
[Date "2011.??.??"]
[Round "7.2"]
[White "Filimoniuk, Marcin"]
[Black "Puksza, Andrzej"]
[Result "0-1"]
[WhiteElo "1768"]
[BlackElo "1997"]
[PlyCount "82"]
[EventDate "2011.??.??"]

1. d4 c5 2. c3 e6 3. Nf3 cxd4 4. cxd4 d5 5. Nc3 g6 6. e4 dxe4 7. Nxe4 Bg7 8.
Bf4 Qa5+ 9. Bd2 Qd5 10. Qc2 Nc6 11. Bc4 Qd8 12. Bb5 Nge7 13. O-O O-O 14. Rfd1
a6 15. Bxc6 Nxc6 16. Bc3 Qd5 17. Ng3 b5 18. Ne2 Bb7 19. Nf4 Qd6 20. d5 Nb4 21.
Qd2 Nxd5 22. Nxd5 Qxd5 23. Qe3 Qe4 24. Qxe4 Bxe4 25. Bxg7 Kxg7 26. Ne5 Rfd8 27.
Rac1 Rac8 28. f3 Rxd1+ 29. Rxd1 Bd5 30. Rd2 Kf6 31. Nd7+ Ke7 32. Ne5 f6 33. Nd3
Bxa2 34. Nb4 Bb3 35. Rd3 Bc4 36. Ra3 Ra8 37. b3 Bd5 38. Kf2 a5 39. Nxd5+ exd5
40. Ke3 Kd6 41. Kd4 a4 0-1

[Event "Memorial Braci Bieluczykow gr. B"]
[Site "Bialystok"]
[Date "2011.??.??"]
[Round "7.3"]
[White "Gorbacz, Filip"]
[Black "Filewicz, Przemyslaw"]
[Result "0-1"]
[WhiteElo "1652"]
[BlackElo "1453"]
[PlyCount "110"]
[EventDate "2011.??.??"]

1. e4 c5 2. Nc3 Nc6 3. f4 d6 4. Nf3 Nf6 5. Bb5 g6 6. Qe2 Bg7 7. e5 dxe5 8.
Bxc6+ bxc6 9. Nxe5 Bd7 10. Qf3 Nh5 11. d3 O-O 12. O-O Qc7 13. Re1 f6 14. Nxd7
Qxd7 15. Be3 f5 16. Bxc5 Bd4+ 17. Bxd4 Qxd4+ 18. Qe3 Qxe3+ 19. Rxe3 Kf7 20.
Rae1 Rfe8 21. g3 Rab8 22. b3 e6 23. Re5 Nf6 24. Ra5 Re7 25. Rc5 Nd5 26. Nxd5
cxd5 27. c4 dxc4 28. Rxc4 Rd8 29. d4 Red7 30. Rd1 h6 31. Kf2 g5 32. fxg5 hxg5
33. Ke3 Kf6 34. Rc6 Kf7 35. b4 Ke7 36. a4 e5 37. Rh6 Rxd4 38. Rh7+ Kf6 39. Rxd4
Rxd4 40. a5 f4+ 41. gxf4 gxf4+ 42. Kf3 Rxb4 43. Rxa7 Rb3+ 44. Kf2 e4 45. Ra8
Rb2+ 46. Kg1 f3 47. a6 Ra2 48. a7 Kf7 49. Rh8 Ra1+ 50. Kf2 Ra2+ 51. Ke3 f2 52.
a8=Q Rxa8 53. Rxa8 f1=Q 54. Ra7+ Ke6 55. Kxe4 Qf5+ 0-1

[Event "Memorial Braci Bieluczykow gr. B"]
[Site "Bialystok"]
[Date "2011.??.??"]
[Round "7.4"]
[White "Trofimiuk, Tomasz"]
[Black "Daciuk, Jaroslaw"]
[Result "1/2-1/2"]
[WhiteElo "1490"]
[BlackElo "1594"]
[PlyCount "56"]
[EventDate "2011.??.??"]

1. e4 c5 2. d4 cxd4 3. Nf3 e6 4. Nxd4 a6 5. c4 Nf6 6. Bd3 Nc6 7. Be3 Bb4+ 8.
Nd2 Ne5 9. Qc2 Nfg4 10. Bf4 Qb6 11. Bxe5 Nxe5 12. N4b3 Nxd3+ 13. Qxd3 O-O 14.
O-O Rd8 15. Rac1 Qc7 16. a3 Be7 17. Rfe1 Bf6 18. Rc2 b6 19. Nd4 Qd6 20. e5 Bxe5
21. Qe4 Bxh2+ 22. Kh1 Ra7 23. Qh4 Bb7 24. Qxh2 Qxd4 25. Nb3 Qd3 26. Rc3 Qf5 27.
Nd4 Qxf2 28. Rd1 Rc8 1/2-1/2

[Event "Memorial Braci Bieluczykow gr. B"]
[Site "Bialystok"]
[Date "2011.??.??"]
[Round "7.7"]
[White "Chmielecka, Aleksandra"]
[Black "Zoch, Tomasz"]
[Result "1/2-1/2"]
[WhiteElo "1519"]
[BlackElo "1883"]
[PlyCount "112"]
[EventDate "2011.??.??"]

1. Nf3 Nf6 2. c4 g6 3. g3 Bg7 4. Bg2 d6 5. O-O O-O 6. d4 Nc6 7. e3 a6 8. b3 Rb8
9. Nbd2 Bg4 10. Qc2 Nb4 11. Qc3 c5 12. a3 Nc6 13. Bb2 Re8 14. d5 Na7 15. h3
Bxf3 16. Bxf3 b5 17. Rab1 Qc8 18. Bg2 bxc4 19. bxc4 Qc7 20. Qc2 Nc8 21. Bc3 Nb6
22. Rb3 Nbd7 23. Rfb1 Rxb3 24. Rxb3 Rb8 25. Kf1 Rxb3 26. Nxb3 Ne8 27. Nd2 Qb6
28. Bxg7 Nxg7 29. Qb3 Qxb3 30. Nxb3 Nb6 31. Na5 Ne8 32. Ke2 Nf6 33. Kd3 Nfd7
34. f4 h5 35. e4 Kg7 36. Nc6 e5 37. Bf3 exf4 38. gxf4 f6 39. Bd1 Kh6 40. Nd8 g5
41. fxg5+ fxg5 42. Nf7+ Kg6 43. Nxd6 Ne5+ 44. Kc3 g4 45. hxg4 hxg4 46. Be2 Kg5
47. Bxg4 Kxg4 48. Nb7 Nbd7 49. Nxc5 Nxc5 50. Kd4 Ncd7 51. c5 Kf4 52. c6 Nf3+
53. Kc4 Kxe4 54. Kb4 Nb6 55. Ka5 Nxd5 56. Kxa6 Kf5 1/2-1/2

[Event "Memorial Braci Bieluczykow gr. B"]
[Site "Bialystok"]
[Date "2011.??.??"]
[Round "7.10"]
[White "Kaminski, Maciej"]
[Black "Ocytko, Michal"]
[Result "1/2-1/2"]
[WhiteElo "1278"]
[BlackElo "1368"]
[PlyCount "126"]
[EventDate "2011.??.??"]

1. e4 d5 2. exd5 Qxd5 3. Nc3 Qd8 4. Nf3 Nf6 5. d4 c6 6. Bc4 e6 7. Bf4 Bd6 8.
Bxd6 Qxd6 9. Qe2 O-O 10. Ne4 Nxe4 11. Qxe4 Qb4+ 12. Nd2 Qxb2 13. O-O Qb6 14.
Nf3 Qd8 15. Rfe1 Nd7 16. Ne5 Qf6 17. Bd3 g6 18. Nxd7 Bxd7 19. Rad1 Rad8 20. Rb1
Bc8 21. Qe5 Qxe5 22. dxe5 b6 23. Rbd1 Bb7 24. Be4 Rfe8 25. Kf1 Kf8 26. Ke2 Ke7
27. Rd3 Rxd3 28. Bxd3 c5 29. g3 Rd8 30. Ke3 h6 31. c4 Ba6 32. a4 Bb7 33. Ra1
Rb8 34. a5 f6 35. Bxg6 fxe5 36. axb6 axb6 37. Ra7 Kd6 38. Be4 Kc7 39. h4 Kc8
40. Bxb7+ Rxb7 41. Ra8+ Kd7 42. Rh8 Kd6 43. Rd8+ Kc6 44. Rc8+ Kd7 45. Rh8 Kd6
46. Rd8+ Kc6 47. Rc8+ Kd7 48. Rh8 Kd6 49. Rd8+ Kc7 50. Rh8 Kc6 51. Rxh6 Kd6 52.
Rh8 b5 53. cxb5 Rxb5 54. Rd8+ Ke7 55. Rd3 Kf6 56. Rc3 Kf5 57. f3 Ra5 58. g4+
Kf6 59. Kd3 Rb5 60. Ke3 Ra5 61. Kd3 Rb5 62. Ke3 Ra5 63. Kd3 Rb5 1/2-1/2

[Event "Memorial Braci Bieluczykow gr. B"]
[Site "Bialystok"]
[Date "2011.??.??"]
[Round "8.2"]
[White "Puksza, Andrzej"]
[Black "Filewicz, Przemyslaw"]
[Result "1/2-1/2"]
[WhiteElo "1997"]
[BlackElo "1453"]
[PlyCount "68"]
[EventDate "2011.??.??"]

1. e4 c5 2. c3 e6 3. d4 cxd4 4. cxd4 d5 5. exd5 exd5 6. Nf3 Bb4+ 7. Bd2 Bxd2+
8. Qxd2 Ne7 9. Be2 O-O 10. O-O Nbc6 11. Nc3 Bf5 12. Bd3 Bg6 13. Bxg6 Nxg6 14.
Rfe1 Qd7 15. Re3 Rfe8 16. Rae1 Rxe3 17. Qxe3 h6 18. h3 Rc8 19. Qd2 Na5 20. b3
Nc6 21. Na4 b6 22. Nc3 Nge7 23. Ne5 Nxe5 24. dxe5 d4 25. Ne4 Nf5 26. Nd6 Rd8
27. Rd1 Qe6 28. Nxf5 Qxf5 29. f4 d3 30. Qe3 Kh8 31. g4 Qd7 32. Rd2 Qd5 33. Kf2
Qh1 34. Kg3 Qd5 1/2-1/2

[Event "Memorial Braci Bieluczykow gr. B"]
[Site "Bialystok"]
[Date "2011.??.??"]
[Round "8.3"]
[White "Bernacki, Gabriel"]
[Black "Trofimiuk, Tomasz"]
[Result "0-1"]
[WhiteElo "1947"]
[BlackElo "1490"]
[PlyCount "110"]
[EventDate "2011.??.??"]

1. d4 Nf6 2. c4 e6 3. Nc3 Bb4 4. Qd3 Bxc3+ 5. Qxc3 b6 6. Nf3 Ne4 7. Qd3 f5 8.
g3 O-O 9. Bg2 Bb7 10. O-O d5 11. b3 Nd7 12. Bf4 Rc8 13. Rac1 Ba6 14. Ne5 Nxe5
15. Bxe5 Nd6 16. Rfd1 Qe7 17. e3 Rfd8 18. Qc2 dxc4 19. Bxd6 cxd6 20. bxc4 Rxc4
21. Qb3 Rdc8 22. Rxc4 Bxc4 23. Qa3 Qd7 24. d5 e5 25. Bf1 Bxf1 26. Kxf1 Qc7 27.
Kg1 Kf7 28. Kg2 Ke7 29. Kg1 Qb7 30. Qa4 h6 31. Qh4+ Kf8 32. e4 fxe4 33. Qxe4
Kg8 34. Qg6 Qe7 35. h4 Qf6 36. Qd3 Rf8 37. Rd2 Qe7 38. Qc4 Re8 39. Qe4 Rc8 40.
Qa4 Qf7 41. Qa3 Rc5 42. Qd3 b5 43. Qe4 a5 44. Rd3 Rc4 45. Qe2 e4 46. Rd1 Qf3
47. Qe1 b4 48. Qf1 Rc2 49. Rc1 Rxa2 50. Rc8+ Kh7 51. Rc6 Rd2 52. Rc1 b3 53. Qe1
e3 54. Qxe3 Qxe3 55. fxe3 b2 0-1

[Event "Memorial Braci Bieluczykow gr. B"]
[Site "Bialystok"]
[Date "2011.??.??"]
[Round "8.4"]
[White "Daciuk, Jaroslaw"]
[Black "Filimoniuk, Marcin"]
[Result "1-0"]
[WhiteElo "1594"]
[BlackElo "1768"]
[PlyCount "57"]
[EventDate "2011.??.??"]

1. c4 Nf6 2. Nc3 e5 3. Nf3 Nc6 4. g3 d5 5. cxd5 Nxd5 6. Bg2 Be6 7. O-O Be7 8.
d3 Qd7 9. Ng5 Bxg5 10. Bxg5 f6 11. Bd2 Nce7 12. a3 Nxc3 13. bxc3 c6 14. Rb1 O-O
15. Qc2 Rad8 16. Rfd1 b6 17. d4 Qc7 18. Qb2 Rd7 19. e4 Rfd8 20. Be3 Nc8 21. Bf1
Nd6 22. f3 b5 23. Bf2 Bc4 24. Bh3 Re7 25. Qc2 Nb7 26. a4 bxa4 27. Qxa4 Bb5 28.
Qa2+ Kf8 29. c4 1-0

[Event "Memorial Braci Bieluczykow gr. B"]
[Site "Bialystok"]
[Date "2011.??.??"]
[Round "8.5"]
[White "Burakowska, Gabriela"]
[Black "Gorbacz, Filip"]
[Result "0-1"]
[WhiteElo "1585"]
[BlackElo "1652"]
[PlyCount "104"]
[EventDate "2011.??.??"]

1. d4 Nf6 2. c4 e6 3. a3 b6 4. Nc3 Bb7 5. Bg5 Be7 6. e3 d6 7. Nf3 Ne4 8. Bxe7
Qxe7 9. Be2 Nd7 10. O-O Nxc3 11. bxc3 O-O 12. Qc2 f5 13. Rad1 Rf6 14. d5 e5 15.
e4 fxe4 16. Qxe4 Rf4 17. Qe3 Nc5 18. Nd2 Raf8 19. f3 Qg5 20. Bd3 Ba6 21. Qe2
Nxd3 22. Qxd3 Rh4 23. Ne4 Qh6 24. h3 Bc8 25. Nf2 Qf4 26. Ne4 Qh6 27. Nf2 Bf5
28. Qe2 Qf4 29. Ne4 Bxe4 30. fxe4 Qxe4 31. Rxf8+ Kxf8 32. Rf1+ Kg8 33. Qd2 h6
34. Rf3 Qxc4 35. Qc2 Re4 36. Kh2 Qe2 37. Qb3 Rf4 38. Rg3 a6 39. Qb1 Qe4 40. Qd1
Rf5 41. Rg4 Rf4 42. Rg3 g6 43. Qh5 Kh7 44. Qd1 h5 45. Qd2 Rf5 46. a4 Qf4 47.
Qxf4 Rxf4 48. a5 bxa5 49. Rd3 Rc4 50. g3 a4 51. h4 a3 52. Rd2 Rxc3 0-1

[Event "Memorial Braci Bieluczykow gr. B"]
[Site "Bialystok"]
[Date "2011.??.??"]
[Round "8.6"]
[White "Zoch, Tomasz"]
[Black "Gierda, Piotr"]
[Result "1-0"]
[WhiteElo "1883"]
[BlackElo "1504"]
[PlyCount "103"]
[EventDate "2011.??.??"]

1. e4 e5 2. Nf3 Nc6 3. Bb5 a6 4. Bxc6 dxc6 5. O-O Bg4 6. h3 Bh5 7. Nc3 f6 8.
Re1 Bd6 9. d3 Ne7 10. Be3 O-O 11. Na4 f5 12. exf5 Nxf5 13. g4 Nh4 14. Nxh4 Qxh4
15. Kg2 Bg6 16. Nc5 Bxc5 17. Bxc5 Rfe8 18. f3 Rad8 19. Bf2 Qf6 20. Qe2 b6 21.
b3 c5 22. Bg3 Qc6 23. a4 a5 24. Kh2 Rd5 25. Rad1 Qd7 26. Qf1 c6 27. Re3 e4 28.
fxe4 Bxe4 29. Rde1 Bg6 30. Qe2 Rxe3 31. Qxe3 Bxd3 32. cxd3 Rxd3 33. Qf4 Rd2+
34. Bf2 Rd6 35. Re2 Qd8 36. Bh4 Qd7 37. Be7 Qe8 38. Qxd6 h6 39. Qd8 Qxd8 40.
Bxd8 b5 41. Bxa5 c4 42. bxc4 bxa4 43. Bb4 Kh7 44. Re6 c5 45. Bxc5 a3 46. Bxa3
g5 47. Rf6 Kg7 48. Bb2 Kh7 49. c5 h5 50. gxh5 g4 51. hxg4 Kg7 52. c6 1-0

[Event "Memorial Braci Bieluczykow gr. B"]
[Site "Bialystok"]
[Date "2011.??.??"]
[Round "8.9"]
[White "Ocytko, Michal"]
[Black "Chmielecka, Aleksandra"]
[Result "0-1"]
[WhiteElo "1368"]
[BlackElo "1519"]
[PlyCount "102"]
[EventDate "2011.??.??"]

1. d4 Nf6 2. Nf3 e6 3. g3 d5 4. b3 Bd6 5. Bb2 O-O 6. Bg2 Nbd7 7. Ne5 c6 8. O-O
Qc7 9. Nxd7 Bxd7 10. Nd2 e5 11. dxe5 Bxe5 12. Bxe5 Qxe5 13. c4 Rfe8 14. Re1
Rad8 15. Nf3 Qc7 16. cxd5 Nxd5 17. Qc1 Qc8 18. e3 Bh3 19. Qc2 Bxg2 20. Kxg2 Qg4
21. h3 Nb4 22. Qe2 Qe4 23. Rac1 Nd3 24. Rc4 Nxe1+ 25. Qxe1 Qd5 26. Rd4 Qb5 27.
Rg4 h5 28. Rg5 Rd5 29. Qc3 Rxg5 30. Nxg5 Qxg5 31. h4 Qe5 32. Qe1 Rd8 33. Qe2
Qe4+ 34. Kh2 Qg4 35. f3 Qb4 36. Kg1 Qd2 37. Kf2 Kf8 38. f4 Ke7 39. Kf3 Qxe2+
40. Kxe2 Ke6 41. Kf3 Rd2 42. g4 hxg4+ 43. Kxg4 Rxa2 44. h5 Kf6 45. e4 Rg2+ 46.
Kf3 Rg1 47. h6 gxh6 48. Kf2 Rb1 49. Kg3 Rxb3+ 50. Kg4 h5+ 51. Kxh5 Re3 0-1

[Event "Memorial Braci Bieluczykow gr. B"]
[Site "Bialystok"]
[Date "2011.??.??"]
[Round "9.1"]
[White "Trofimiuk, Tomasz"]
[Black "Kostyra, Stanislaw"]
[Result "0-1"]
[WhiteElo "1490"]
[BlackElo "2323"]
[PlyCount "66"]
[EventDate "2011.??.??"]

1. e4 c5 2. Nf3 e6 3. d4 cxd4 4. Nxd4 a6 5. Bd3 b5 6. O-O Bb7 7. Be3 d6 8. f4
Nf6 9. Nd2 Nbd7 10. Rc1 Be7 11. Qe2 Qc7 12. Kh1 Nc5 13. Bg1 Nfd7 14. N4b3 Na4
15. c4 b4 16. Rc2 O-O 17. Rf3 g6 18. Rg3 Bf6 19. Nd4 Bg7 20. f5 exf5 21. exf5
Rae8 22. Qg4 Nac5 23. fxg6 fxg6 24. Bf5 Rxf5 25. Nxf5 Ne5 26. Nxg7 Nxg4 27.
Nxe8 Qf7 28. Rxg4 Qxe8 29. Nb3 Nd3 30. Rd2 Qe6 31. Rd4 Ne1 32. Rxd6 Qxd6 33.
Re2 Bxg2+ 0-1